000
00292nam a2200133Ia 4500
008
240624s9999 xx 000 0 und d
041
_a
eng
082
_a
823 STA
100
_a
STARR JASON
245
_a
PACK
260
_c
2012
_a
London
_b
Penguin
300
_a
354p. ; 20cm.
365
_c
RS
_b
25
999
_c
19965
_d
19965